00450nam a2200169Ia 4500003000400000005001700004008004100021020001800062040000600080041001200086082002000098100002200118245006400140260002900204300001500233650003200248OSt20250113114057.0231217s9999 xx 000 0 und d a9780151003389 c0 aEnglish a511.8 BER;1 R aBerlinski, David. 4aThe advent of the algorithm : the idea that rules the world c2000bHarcourtaNew York axviii, 345 aadvent,algorithm,idea,rules